000 00312nam a2200133 i 4500
001 bg
245 0 _aEncyclopedia of polymer science and technology. Vol.4.
260 _aNew York,
_c1966.
040 _cBPK
041 _apol
080 _a678.7(03)
942 _cKS
008 s pl f |000 0 pol
999 _c11728
_d11728
856 _uhttp://koha.tu.koszalin.pl/cgi-bin/koha/opac-detail.pl?biblionumber=11728
_yKatalog online BPK